Market on the march again (Record no. 117220)
[ view plain ]
| 000 -LEADER | |
|---|---|
| fixed length control field | 01186cam a2200265 4500 |
| 001 - CONTROL NUMBER | |
| control field | WB4015-14 |
| 008 - FIXED-LENGTH DATA ELEMENTS--GENERAL INFORMATION | |
| fixed length control field | 040420n2004 000 0 eng u |
| 035 ## - SYSTEM CONTROL NUMBER | |
| System control number | (Sirsi) u125889 |
| 245 ## - TITLE STATEMENT | |
| Title | Market on the march again |
| 260 ## - PUBLICATION, DISTRIBUTION, ETC. | |
| Date of publication, distribution, etc. | 2004 |
| 490 ## - SERIES STATEMENT | |
| Series statement | RICS Press Release |
| Volume/sequential designation | (pr037) 20 April 2004 (2) |
| 520 ## - SUMMARY, ETC. | |
| Summary, etc. | The latest "RICS housing market survey England and Wales" shows the housing market continued its strong performance last month, with national house price inflation reported at its highest rate since October 2002. 45% more surveyors reported a rise in prices in March than a fall, up from 39% in February. Price rises were especially strong in Yorkshire, northwest England and Wales. The rest of England is also picking up. London residential propery price inflation is at its strongest since June 2002. RICS press release |
| 590 ## - LOCAL NOTE (RLIN) | |
| Local note | WB |
| 590 ## - LOCAL NOTE (RLIN) | |
| Local note | WB |
| 650 ## - SUBJECT ADDED ENTRY--TOPICAL TERM | |
| Topical term or geographic name entry element | HOUSE PRICE INFLATION |
| 650 ## - SUBJECT ADDED ENTRY--TOPICAL TERM | |
| Topical term or geographic name entry element | HOUSE PRICES |
| 650 ## - SUBJECT ADDED ENTRY--TOPICAL TERM | |
| Topical term or geographic name entry element | RICS HOUSING MARKET SURVEY ENGLAND AND WALES |
| 650 ## - SUBJECT ADDED ENTRY--TOPICAL TERM | |
| Topical term or geographic name entry element | YORKSHIRE |
| 650 ## - SUBJECT ADDED ENTRY--TOPICAL TERM | |
| Topical term or geographic name entry element | NORTHWEST ENGLAND |
| 650 ## - SUBJECT ADDED ENTRY--TOPICAL TERM | |
| Topical term or geographic name entry element | WALES |
| 650 ## - SUBJECT ADDED ENTRY--TOPICAL TERM | |
| Topical term or geographic name entry element | LONDON |
| 650 ## - SUBJECT ADDED ENTRY--TOPICAL TERM | |
| Topical term or geographic name entry element | HOUSING SHORTAGE |
| 690 ## - LOCAL SUBJECT ADDED ENTRY--TOPICAL TERM (OCLC, RLIN) | |
| Topical term or geographic name as entry element | HOUSING-HOUSE PRICES |
| 942 ## - ADDED ENTRY ELEMENTS (KOHA) | |
| Suppress in OPAC | 0 |
| Withdrawn status | Lost status | Source of classification or shelving scheme | Damaged status | Not for loan | Home library | Current library | Shelving location | Date acquired | Total Checkouts | Full call number | Barcode | Date last seen | Copy number | Price effective from | Koha item type |
|---|---|---|---|---|---|---|---|---|---|---|---|---|---|---|---|
| Dewey Decimal Classification | London | London | News article | 20/04/2004 | WB4015-14 | 125889-1001 | 06/08/2019 | 1 | 06/08/2019 | News article |